Fragen aus der Wissenschaft - Buchstabe E - Statistiken

Allgemein
  • Dieses Quiz wurde 157 mal gespielt
  • Das Durchschnittsergebnis liegt bei 8 aus 21
Antwortstatistiken
Hinweis Antwort % Korrekt
Physiker - E = mc2 Albert Einstein
96%
Negativ geladenes Elementarteilchen Elektron
88%
Bodenabtragung durch Wind und Wasser Erosion
71%
Lehre vom richtigen Handeln Ethik
66%
Schweizer Mathematiker, e = 2.71828... Leonhard Euler
61%
Fähigkeit, Arbeit zu verrichten (Physik) Energie
56%
Deutscher Chemiker; Erfinder eines Laborgefäßes Emil Erlenmeyer
48%
Vorübergehende, überschwängliche Gemütsverfassung Euphorie
47%
Chemischer Name von C2H5OH Ethanol
43%
Biochemischer Katalysator, z. B. Amylase Enzym
38%
Kegelschnitt, geschlossene ovale Kurve Ellipse
34%
Körpereigene schmerzstillende Stoffe Endorphine
34%
Sechstgrößter Mond im Sonnensystem Europa
33%
Rotes Blutkörperchen für den Sauerstofftransport Erythrozyt
27%
Maß für Unordnung in der Thermodynamik Entropie
25%
Griechischer Mathematiker, „Elemente“ Euklid
25%
Niederländischer Humanist der Renaissance Erasmus v. Rotterdam
20%
Giftpflanze des Jahres 2005, helmartige Blütenform Eisenhut
18%
Griechischer Philosoph aus Samos, Lustlehre Epikur
5%
Deutscher Unternehmer, Erfinder der Raufasertapete Hugo Erfurt
5%
Deutscher Mediziner und Serologe, 200 DM Schein Paul Ehrlich
3%
Keine übereinstimmenden Quizze gefunden
Verteilung der Resultate
Anzahl Personen mit jedem Resultat
Perzentil nach korrekt beantworteten Fragen
Ihre Resultats-Entwicklung
Sie haben dieses Quiz noch nicht gespielt